000 00677nam a2200229Ia 4500
003 OSt
005 20220926033912.0
006 a|||||r|||| 00| 0
007 ta
008 220923b |||||||| |||| 00| 0 eng d
037 _cGeneral Book
040 _aRTL
_cRTL
_beng
041 _2eng
_aeng
082 _aX9(D2):8.252.N8, M3
100 _aSingh Usha
_9131302
245 0 _aAssessment and prospects of water resoruces in eas
260 _aVaranssi
_bNational Geographical Society Of India India
_c1988
300 _a132p.
_ccm.
650 _aEngneering
_9232523
942 _hX9(D2):8.252.N8, M3
_cGB
_2CC
999 _c658231
_d658231